[Event "FICGS rapid B 000078 email"]
[Site "FICGS email"]
[Date "2007.12.08"]
[Round "1"]
[White "Moya, Guillaume"]
[Black "Boucher, Brice"]
[Result "1-0"]
[WhiteElo "1499"]
[BlackElo "1562"]
[PlyCount "51"]
[EventDate "2007.??.??"]
[EventType "tourn (rapid)"]
[EventRounds "6"]
[SourceTitle "Corr 2022"]
[Source "ChessBase"]
[SourceDate "2021.10.24"]
[SourceVersion "1"]
[SourceVersionDate "2021.10.24"]
[SourceQuality "1"]

1. e4 c5 2. Nf3 e6 3. d4 cxd4 4. Nxd4 a6 5. Bd3 Qc7 6. Nc3 Nf6 7. 0-0 b5 8. Qe2 Bb7 9. e5 Nd5 10. Nxd5 Bxd5 11. a4 b4 12. Rd1 Be7 13. Bf4 0-0 14. Be4 Bb7 15. Bxb7 Qxb7 16. Rd3 Nc6 17. Rad1 Rfd8 18. Nb3 Rac8 19. h4 Qc7 20. h5 Na5 21. Nxa5 Qxa5 22. Rxd7 Bc5 23. b3 Rxd7 24. Rxd7 Qb6 25. Qf3 Bd4 26. Be3 1-0

[Event "FICGS rapid B 000078 email"]
[Site "FICGS email"]
[Date "2007.12.08"]
[Round "1"]
[White "Moya, Guillaume"]
[Black "Zaichenko, Andrey"]
[Result "1-0"]
[WhiteElo "1499"]
[BlackElo "1800"]
[PlyCount "47"]
[EventDate "2007.??.??"]
[EventType "tourn (rapid)"]
[EventRounds "6"]
[SourceTitle "Corr 2022"]
[Source "ChessBase"]
[SourceDate "2021.10.24"]
[SourceVersion "1"]
[SourceVersionDate "2021.10.24"]
[SourceQuality "1"]

1. e4 c5 2. Nf3 d6 3. d4 cxd4 4. Nxd4 Nf6 5. Nc3 g6 6. Be3 Bg7 7. f3 0-0 8. Qd2 Nc6 9. Bc4 Bd7 10. 0-0-0 a6 11. h4 h5 12. Nxc6 Bxc6 13. Kb1 Bd7 14. Bd4 b5 15. Bb3 a5 16. e5 dxe5 17. Bxe5 Bc6 18. Qe3 Qc8 19. a4 b4 20. Ne2 Rd8 21. Qg5 Bd5 22. Bxd5 Nxd5 23. Bxg7 Kxg7 24. Rxd5 1-0